Property prices in rural Scotland double in past decade (Record no. 83461)

MARC details
000 -LEADER
fixed length control field 01025cab a22002055a 4500
001 - CONTROL NUMBER
control field E154028
008 - FIXED-LENGTH DATA ELEMENTS--GENERAL INFORMATION
fixed length control field 111004e20111004xxk 000 0 eng u
035 ## - SYSTEM CONTROL NUMBER
System control number (Sirsi) u154028
041 0# - LANGUAGE CODE
Language code of text/sound track or separate title eng
110 2# - MAIN ENTRY--CORPORATE NAME
Corporate name or jurisdiction name as entry element Bank of Scotland
9 (RLIN) 5792
245 00 - TITLE STATEMENT
Title Property prices in rural Scotland double in past decade
Remainder of title average house prices rise by £665 per month
Medium [electronic resource]
260 ## - PUBLICATION, DISTRIBUTION, ETC.
Date of publication, distribution, etc. 2011
490 ## - SERIES STATEMENT
Series statement Bank of Scotland Press Release
Volume/sequential designation 4 October 2011
520 ## - SUMMARY, ETC.
Summary, etc. Suggests that the average house price in rural areas of Scotland has doubled in the last 10 years, increasing from £79 104 in 2001, to £158 923 in 2011. The figures are taken from the latest Bank of Scotland Rural Housing Review.
590 ## - LOCAL NOTE (RLIN)
Local note KA
651 #4 - SUBJECT ADDED ENTRY--GEOGRAPHIC NAME
Geographic name Scotland
Chronological subdivision 1999-
690 ## - LOCAL SUBJECT ADDED ENTRY--TOPICAL TERM (OCLC, RLIN)
Topical term or geographic name as entry element PROPERTY-RESIDENTIAL PROPERTY-DOMESTIC RESIDENTIAL PROPERTY-HOUSING
856 40 - ELECTRONIC LOCATION AND ACCESS
Uniform Resource Identifier <a href="https://www.lloydsbankinggroup.com/media/pdfs/bos/2011/RuralHousingMonitorScotland041011.pdf">https://www.lloydsbankinggroup.com/media/pdfs/bos/2011/RuralHousingMonitorScotland041011.pdf</a>
Public note View the news release free of charge at www.lloydsbankinggroup.com...
942 ## - ADDED ENTRY ELEMENTS (KOHA)
Suppress in OPAC 0
Holdings
Withdrawn status Lost status Source of classification or shelving scheme Damaged status Not for loan Home library Current library Shelving location Date acquired Total Checkouts Full call number Barcode Date last seen Copy number Price effective from Koha item type
    Dewey Decimal Classification     Virtual Virtual Online 04/10/2011   ONLINE PUBLICATION 154028-1001 06/08/2019 1 06/08/2019 Book